NetWare user's guide : version 2.2
Saved in:
| Main Author: | |
|---|---|
| Format: | Book |
| Language: | English |
| Published: |
Redwood City, CA :
M&T Books,
c1991
|
| Subjects: | |
| Tags: |
Add Tag
No Tags, Be the first to tag this record!
|
MARC
| LEADER | 00000cam a2200000 i 4500 | ||
|---|---|---|---|
| 001 | 1/39488 | ||
| 008 | 971013s1991 eng d | ||
| 020 | |a 1558512357 | ||
| 035 | |l 10041024 | ||
| 035 | |a 1997 |c ΔΩΡΕΑ ΤΖΑΦΕΡΗ | ||
| 040 | |a GR-MY-UA |b gre |e aacr | ||
| 041 | 0 | |a eng | |
| 082 | 0 | |a 005.71369 | |
| 100 | 1 | |a Liebing, Edward. | |
| 245 | 1 | 0 | |a NetWare user's guide : |b version 2.2 / |c Edward Liebing |
| 260 | |a Redwood City, CA : |b M&T Books, |c c1991 | ||
| 300 | |a xxii, 662 p.; |b ill.; |c 24 cm. | ||
| 500 | |a "Tap the power of NetWare v2.2." | ||
| 500 | |a Includes index | ||
| 650 | 0 | 0 | |a Operating systems (Computers) |
| 852 | |a INST |b SAMOS |e 19971013 |h 005.71369 LIE |p 005300008718 |q 005300008718 |t BK |y 0 | ||
| 901 | |a BIBL-1997-2 | ||
| 909 | |a Σ |b 050558 | ||